Promptuarium universorum operum Jacobi Cujacii (Record no. 8718)
[ view plain ]
| 000 -CABECERA | |
|---|---|
| campo de control de longitud fija | 01103nam a2200229 a 4500 |
| 001 - NÚMERO DE CONTROL | |
| campo de control | BRCA_9068 |
| 005 - FECHA Y HORA DE LA ÚLTIMA TRANSACCIÓN | |
| campo de control | 20190320210519.0 |
| 008 - DATOS DE LONGITUD FIJA--INFORMACIÓN GENERAL | |
| campo de control de longitud fija | 040917s1763----sp-#######---#000-0#lat-# |
| 041 ## - CÓDIGO DE LENGUA | |
| Código de lengua del texto/banda sonora o título independiente | lat |
| 084 ## - OTRO NÚMERO DE CLASIFICACIÓN | |
| Número de clasificación | CO17 |
| Número de documento/Ítem | .C85 1763 |
| 100 1# - ENTRADA PRINCIPAL--NOMBRE DE PERSONA | |
| Nombre de persona | Cujas, Jacques |
| Fechas asociadas al nombre | 1522 - 1590 |
| 9 (RLIN) | 22429 |
| 245 10 - MENCIÓN DE TÍTULO | |
| Título | Promptuarium universorum operum Jacobi Cujacii |
| Resto del título | lectionibus variantibus codicis,novellarum constitutionum, institutionum divi Justiniani, feudorum, & Li. II. III. & IV. epistolarum decretalium gegorii IX. accommodatum inter se lectionibus praesertim titulorum, & legum florentinae, vulgataeque editionis Pandectarum sive Digestorum accommodatum |
| Mención de responsabilidad, etc. | cura, et industria Dominici Albanensis... ; tomus secundus. |
| 260 ## - PUBLICACIÓN, DISTRIBUCIÓN, ETC. | |
| Lugar de publicación, distribución, etc. | Neapoli |
| Nombre del editor, distribuidor, etc. | Ex typographia simoniana |
| Fecha de publicación, distribución, etc. | 1763 |
| 300 ## - DESCRIPCIÓN FÍSICA | |
| Extensión | 347 p. (t.2) |
| 500 ## - NOTA GENERAL | |
| Nota general | Siperiorum facultate |
| 500 ## - NOTA GENERAL | |
| Nota general | Estado físico: presenta encuadernación en pergamino con cantos decorados |
| 650 14 - PUNTO DE ACCESO ADICIONAL DE MATERIA--TÉRMINO DE MATERIA | |
| Término de materia o nombre geográfico como elemento de entrada | Derecho romano |
| Subdivisión de forma | Indices |
| 9 (RLIN) | 22430 |
| 650 14 - PUNTO DE ACCESO ADICIONAL DE MATERIA--TÉRMINO DE MATERIA | |
| Término de materia o nombre geográfico como elemento de entrada | Corpus juris civilis |
| Subdivisión de forma | Indices |
| 9 (RLIN) | 22431 |
| 700 1# - PUNTO DE ACCESO ADICIONAL--NOMBRE DE PERSONA | |
| Nombre de persona | Albanese, Domenico |
| Fechas asociadas al nombre | fl. 1760 |
| Término indicativo de función/relación | compilador |
| 9 (RLIN) | 22432 |
| 902 ## - CATALOGADOR | |
| Iniciales | CFM |
| 942 ## - ELEMENTOS DE PUNTO DE ACCESO ADICIONAL (KOHA) | |
| Fuente del sistema de clasificación o colocación | Library of Congress Classification |
| Tipo de ítem Koha | Libros |
| Estado de retiro | Estado de pérdida | Estado dañado | No para préstamo | Localización permanente | Ubicación/localización actual | Fecha de adquisición | Total de préstamos | Signatura topográfica completa | Código de barras | Fecha visto por última vez | Precio válido a partir de | Tipo de ítem Koha |
|---|---|---|---|---|---|---|---|---|---|---|---|---|
| El ejemplar forma parte de la colección y puede ser consultado según las políticas vigentes. | Biblioteca del Museo Franz Mayer (Rogerio Casas-Alatriste) | Biblioteca del Museo Franz Mayer (Rogerio Casas-Alatriste) | 04/09/2017 | CO17 .C85 1763 | CFM00425 | 22/03/2019 | 22/03/2019 | Libros |